Managers as employees an international comparison of the changing character of managerial employment /

Bibliographic Details
Corporate Author: ProQuest (Firm)
Other Authors: Roomkin, Myron.
Format: Electronic eBook
Language:English
Published: New York : Oxford University Press, 1989.
Subjects:
Online Access:Click to View
LEADER 01365nam a2200373Ia 4500
001 EBC272246
003 MiAaPQ
005 20200520144314.0
006 m o d |
007 cr cn|||||||||
008 880208s1989 nyu sb 001 0 eng d
010 |z  88000738  
020 |z 0195043227 (alk. paper) 
020 |z 9780195043228 
035 |a (MiAaPQ)EBC272246 
035 |a (Au-PeEL)EBL272246 
035 |a (CaPaEBR)ebr10279480 
035 |a (CaONFJC)MIL52327 
035 |a (OCoLC)935260697 
040 |a MiAaPQ  |c MiAaPQ  |d MiAaPQ 
050 4 |a HD38.2  |b .M36 1989 
082 0 4 |a 658.4  |2 19 
245 0 0 |a Managers as employees  |h [electronic resource] :  |b an international comparison of the changing character of managerial employment /  |c edited by Myron J. Roomkin. 
260 |a New York :  |b Oxford University Press,  |c 1989. 
300 |a xiv, 288 p. 
504 |a Includes bibliographies and index. 
533 |a Electronic reproduction. Ann Arbor, MI : ProQuest, 2015. Available via World Wide Web. Access may be limited to ProQuest affiliated libraries. 
650 0 |a Comparative management. 
650 0 |a Executives  |x Salaries, etc. 
650 0 |a Executives. 
655 4 |a Electronic books. 
700 1 |a Roomkin, Myron. 
710 2 |a ProQuest (Firm) 
856 4 0 |u https://ebookcentral.proquest.com/lib/matrademy/detail.action?docID=272246  |z Click to View